000 00708nam a2200169 a 4500
008 070215s2005 xx |||||||||||||| || u
050 _aTHESIS
100 _aMulunda, Evans
245 1 0 _aNight motor switching circuit
_cthesis by Mulenga Emmanuel, Mulunda Evans, and Ngwira Panji and supervised by E. Chipanshi
260 _a
_bCopperbelt University, School of Technology, Electrical Engineering Department
_c2005
350 _a0.00
650 0 _aELECTRONICS
650 _aELECTRIC ENGINEERING
700 _aMulenga, Emmanuel
700 _aNgwira, Panji
995 _D0.00
_FCBU-MAIN LIBRARY (Kitwe)
_H1
_I0.00
_M1
_UAVAILABLE
_WFeb 15, 2007
_ZUniversity Collection
999 _c52270
_d52270